Największe miasto Począwszy od M w tym kraju - Statystyki

Ogólne statystyki
  • Ten quiz został rozwiązany 187 razy
  • Średni wynik to 11 z 21
Statystyki odpowiedzi
Kraj M Miasto % Poprawnych
Białoruś Mińsk
95%
Rosja Moskwa
85%
Niemcy Monachium
84%
Włochy Mediolan
80%
Wielka Brytania Manchester
76%
Francja Marsylia
76%
Kanada Montreal
76%
Szwecja Malmö
71%
Indie Mumbaj
55%
Arabia Saudyjska Mekka
47%
Kolumbia Medellin
42%
Mozambik Maputo
38%
Maroko Marrakesz
36%
Nikaragua Managua
35%
Bośnia i Hercegowina Mostar
30%
Kenia Mombasa
29%
Irak Mosul
26%
Brazylia Manaus
24%
Wenezuela Maracaibo
20%
Stany Zjednoczone Memphis
17%
Iran Meszhed
10%
Nie znaleziono quizów pasujących do podanych kryteriów
Rozkład punktacji
Procent ludzi z każdym wynikiem
Percentyl według liczby udzielonych odpowiedzi
Twoja historia wyników
Nie rozwiązałeś tego quizu